000 00636nam a22002057a 4500
003 DO-SdBNP
005 20230320120407.0
007 ta
008 210609b2020 dr 00| 0 eng dspa d
020 _a9789945591941
040 _aDO-SdBNP
_bspa
_cBNPHU
082 4 _222
110 0 _aRepública Dominicana :
_bMinisterio de Salud Pública.
_978774
245 0 0 _aDocumentos técnicos de apoyo psicosocial en emergencias y desastres :
260 _aSanto Domingo :
_bMinisterio de Salud Pública,
_c2020.
300 _a18 p. ;
_c20 cm.
504 _aBibliografía : p. 13-14
590 _aInventariado, 2021 /LP
942 _2ddc
_cLBS1
999 _c49896
_d49896